<?xml version="1.0" encoding="UTF-8"?>
<record
    xmlns:xsi="http://www.w3.org/2001/XMLSchema-instance"
    xsi:schemaLocation="http://www.loc.gov/MARC21/slim http://www.loc.gov/standards/marcxml/schema/MARC21slim.xsd"
    xmlns="http://www.loc.gov/MARC21/slim">

  <leader>03719cam a22003495a 4500</leader>
  <datafield tag="999" ind1=" " ind2=" ">
    <subfield code="c">26957</subfield>
    <subfield code="d">26929</subfield>
  </datafield>
  <controlfield tag="001">ocn745609894</controlfield>
  <controlfield tag="003">OCoLC</controlfield>
  <controlfield tag="005">20201128024359.0</controlfield>
  <controlfield tag="008">110801t2019    nyua   frb    001 0 eng d</controlfield>
  <datafield tag="010" ind1=" " ind2=" ">
    <subfield code="a">  2011032370</subfield>
  </datafield>
  <datafield tag="020" ind1=" " ind2=" ">
    <subfield code="a">9781260092349 (alk. paper)</subfield>
  </datafield>
  <datafield tag="020" ind1=" " ind2=" ">
    <subfield code="a">1260092348 (alk. paper)</subfield>
  </datafield>
  <datafield tag="035" ind1=" " ind2=" ">
    <subfield code="a">(OCoLC)ocn745609894</subfield>
  </datafield>
  <datafield tag="035" ind1=" " ind2=" ">
    <subfield code="a">(OCoLC)745609894</subfield>
  </datafield>
  <datafield tag="040" ind1=" " ind2=" ">
    <subfield code="a">DLC</subfield>
    <subfield code="b">eng</subfield>
    <subfield code="c">DLC</subfield>
    <subfield code="d">YDXCP</subfield>
    <subfield code="d">CDX</subfield>
    <subfield code="d">IG#</subfield>
    <subfield code="d">BWX</subfield>
    <subfield code="d">OCLCO</subfield>
    <subfield code="d">EG-ScBUE</subfield>
  </datafield>
  <datafield tag="082" ind1="0" ind2="4">
    <subfield code="a">658.049</subfield>
    <subfield code="b">HIL</subfield>
    <subfield code="2">22</subfield>
  </datafield>
  <datafield tag="100" ind1="1" ind2=" ">
    <subfield code="a">Hill, Charles W. L.</subfield>
    <subfield code="9">1534</subfield>
  </datafield>
  <datafield tag="245" ind1="1" ind2="0">
    <subfield code="a">International business :</subfield>
    <subfield code="b">competing in the global marketplace /</subfield>
    <subfield code="c">Charles W. L. Hill, G. Tomas M. Hult.</subfield>
  </datafield>
  <datafield tag="250" ind1=" " ind2=" ">
    <subfield code="a">12 ed., International student ed.</subfield>
  </datafield>
  <datafield tag="260" ind1=" " ind2=" ">
    <subfield code="a">New York :</subfield>
    <subfield code="b">McGraw-Hill Education,</subfield>
    <subfield code="c">c.2019.</subfield>
  </datafield>
  <datafield tag="300" ind1=" " ind2=" ">
    <subfield code="a">xxxii, 667 p. :</subfield>
    <subfield code="b">ill. (col.) ;</subfield>
    <subfield code="c">30 cm.</subfield>
  </datafield>
  <datafield tag="504" ind1=" " ind2=" ">
    <subfield code="a">Includes bibliographical references and index.</subfield>
  </datafield>
  <datafield tag="505" ind1="0" ind2=" ">
    <subfield code="a">Part 1: Introduction and OverviewChapter 1: GlobalizationPart 2: National Differences Chapter 2: National Differences in Political, Economic, and Legal SystemsChapter 3: National Differences in Economic DevelopmentChapter 4: Differences in CultureChapter 5: Ethics, Corporate Social Responsibility, and SustainabilityPart 3: The Global Trade and Investment EnvironmentChapter 6: International Trade TheoryChapter 7: Government Policy and International TradeChapter 8: Foreign Direct InvestmentChapter 9: Regional Economic IntegrationPart 4: The Global Monetary SystemChapter 10: The Foreign Exchange MarketChapter 11: The International Monetary SystemChapter 12: The Global Capital MarketPart 5: The Strategy and Structure of International BusinessChapter 13: The Strategy of International BusinessChapter 14: The Organization of International BusinessChapter 15: Entry Strategy and Strategic AlliancesPart 6: International Business FunctionsChapter 16: Exporting, Importing, and CountertradeChapter 17: Global Production and Supply Chain ManagementChapter 18: Global Marketing and R&amp;DChapter 19: Global Human Resource ManagementChapter 20: Accounting and Finance in the International BusinessPart 7: Integrated CasesGlobal Medical TourismVenezuela under Hugo Chavez and BeyondPolitical and Economic Reform in MyanmarWill China Continue to be a Growth Marketplace?Lead in Toys and Drinking WaterCreating the World's Biggest Free Trade ZoneSugar Subsides Drive Candy Makers AbroadVolkswagen in RussiaThe NAFTA Tomato WarsSubaru's Sales Boom Thanks for the Weaker YenThe IMF and Ukraine's Economics CrisisThe Global Financial Crisis and Its Aftermath: Declining Cross-Boarder Capital FlowsFord's Global Platform StrategyPhillips' Global RestructuringGeneral Motors and Chinese Joint VenturesExporting Desserts by a Hispanic EntrepreneurApple: The Best Supply Chains in the World?Domino's Global MarketingSiemens and Global CompetitivenessMicrosoft and Its Foreign Cash Holdings</subfield>
  </datafield>
  <datafield tag="520" ind1=" " ind2=" ">
    <subfield code="a">Market-defining since it was introduced, International Business: Competing in the Global Marketplace by Charles W.L. Hill (University of Washington) and G. Tomas Hult (Michigan State University) sets the standard, and is the proven choice for International Business.  With the 12th edition, Hill and Hult continue to draw upon their experience to deliver a complete program that is:  Relevant - Timely, Comprehensive Coverage or Theory; Practical - Focused on Practical Applications of Concepts; Integrated - Integrated Progression of Topics with Results-Driven Technology.</subfield>
  </datafield>
  <datafield tag="650" ind1=" " ind2="7">
    <subfield code="a">International business enterprises</subfield>
    <subfield code="x">Management.</subfield>
    <subfield code="2">BUEsh</subfield>
  </datafield>
  <datafield tag="650" ind1=" " ind2="7">
    <subfield code="a">Competition, International.</subfield>
    <subfield code="2">BUEsh</subfield>
    <subfield code="9">11595</subfield>
  </datafield>
  <datafield tag="651" ind1=" " ind2=" ">
    <subfield code="2">BUEsh</subfield>
  </datafield>
  <datafield tag="653" ind1=" " ind2=" ">
    <subfield code="b">BUSADM</subfield>
    <subfield code="c">November2018</subfield>
  </datafield>
  <datafield tag="655" ind1=" " ind2=" ">
    <subfield code="v">Reading book</subfield>
    <subfield code="9">34232</subfield>
  </datafield>
  <datafield tag="700" ind1="1" ind2=" ">
    <subfield code="a">Hult, G. Tomas M.</subfield>
    <subfield code="9">33008</subfield>
  </datafield>
  <datafield tag="942" ind1=" " ind2=" ">
    <subfield code="2">ddc</subfield>
  </datafield>
  <datafield tag="952" ind1=" " ind2=" ">
    <subfield code="0">0</subfield>
    <subfield code="1">0</subfield>
    <subfield code="2">ddc</subfield>
    <subfield code="4">0</subfield>
    <subfield code="7">0</subfield>
    <subfield code="8">Baccah</subfield>
    <subfield code="a">MAIN</subfield>
    <subfield code="b">MAIN</subfield>
    <subfield code="c">1ST</subfield>
    <subfield code="d">2018-11-06</subfield>
    <subfield code="e">Purchase</subfield>
    <subfield code="g">550.00</subfield>
    <subfield code="l">0</subfield>
    <subfield code="o">658.049 HIL</subfield>
    <subfield code="p">000043834</subfield>
    <subfield code="r">2025-07-15 00:00:00</subfield>
    <subfield code="y">BB</subfield>
  </datafield>
</record>
